Logo BPK

Biblioteka

Politechniki Koszalińskiej

Elektrotechnika - prądy niesinusoidalne : (Rekord nr 42648)

Szczegóły MARC
000 -ETYKIETA REKORDU
podpole kontrolne o stałej długości 01018nam a2200253 i 4500
001 - NUMER KONTROLNY REKORDU
pole kontrolne bg
020 ## - MIĘDZYNARODOWY ZNORMALIZOWANY NUMER KSIĄŻKI - ISBN
ISBN 8389044501
040 ## - ŹRÓDŁO KATALOGOWANIA
Instytucja, która utworzyła rekord BPK
041 0# - KOD JĘZYKA
Kod języka tekstu poleng
Kod języka streszczenia lub abstraktu engpol
080 ## - UNIWERSALNA KLASYFIKACJA DZIESIĘTNA - UKD
UKD 621.3:537.3](061)
920 ## - Międzynarodowy znormalizowany numer książki – ISBN
ISBN 83-89044-50-1
008 - POLE O STAŁEJ DŁUGOŚCI - DANE KONTROLNE
podpole kontrolne o stałej długości s pl f |000 0 pol
245 00 - TYTUŁ/ODPOWIEDZIALNOŚĆ
Tytuł Elektrotechnika - prądy niesinusoidalne :
Ciąg dalszy tytułu VI Szkoła - konferencja EPN'2002 : materiały konferencyjne /
Pozostałe elementy strefy tytułu i oznaczenia odpowiedzialności [kol. red. Ferdynand Romankiewicz (przewodn.) et al.] ; Uniwersytet Zielonogórski. Instytut Inżynierii Elektrycznej [et al.].
260 ## - STREFA ADRESU WYDAWNICZEGO
Miejsce wydania Zielona Góra :
Nazwa wydawcy/dystrybutora Redakcja Wydawnictw Naukowo-Technicznych UZ,
Data publikacji, dystrybucji/powstania dokumentu 2002.
300 ## - STREFA OPISU FIZYCZNEGO
Objętość 300 s. :
Inne cechy fizyczne il. ;
Rozmiary 24 cm +
Dokument towarzyszący Suplement (8 s. : il.).
500 ## - UWAGI OGÓLNE
Tekst uwagi Tekst częśc. ang. Streszcz. ang., pol. przy ref.
504 ## - UWAGA DOTYCZĄCA BIBLIOGRAFII
Informacje o bibliografii Bibliogr. przy ref.
650 #9 - HASŁO PRZEDMIOTOWE W FORMIE NAZWY OGÓLNEJ LUB JEDNOSTKOWEJ
Nazwa ogólna lub geograficzna Elektrotechnika
650 #9 - HASŁO PRZEDMIOTOWE W FORMIE NAZWY OGÓLNEJ LUB JEDNOSTKOWEJ
Nazwa ogólna lub geograficzna Prądy stałe
655 ## - TERMIN INDEKSOWY - OKREŚLENIE RODZAJU/FORMY DOKUMENTU
Określenie rodzaju/formy dokumentu Materiały konferencyjne
700 1# - HASŁO DODATKOWE - NAZWA OSOBOWA
Nazwa osobowa ROMANKIEWICZ, Ferdynand.
Określenie związku między hasłem a opisywanym materiałem Red.
710 #0 - HASŁO DODATKOWE - NAZWA CIAŁA ZBIOROWEGO
Nazwa ciała zbiorowego lub jednostki geograficznej Uniwersytet Zielonogórski
Nazwa jednostki podrzędnej Instytut Inżynierii Elektrycznej
942 ## - DODATKOWE ELEMENTY (KOHA)
Typ dokumentu Książka
Egzemplarze
Wycofany Status egzemplarza Uszkodzony Dostępność Lokalizacja stała Lokalizacja bieżąca Miejsce przechowywania Sygnatura Kod kreskowy Typ dokumentu
      Dostępny Biblioteka Politechniki Koszalińskiej Biblioteka Politechniki Koszalińskiej Wypożyczalnia BG 67039 01918960 Książka
© 2023 Biblioteka Politechniki Koszalińskiej :: KOHA